A Night at the Opera Songs Quiz - Statistics

General Stats
  • This quiz has been taken 24 times
  • The average score is 9 of 12
Answer Stats
Track No. Answer % Correct
11 Bohemian Rhapsody
100%
1 Death on Two Legs
82%
3 I'm in Love with My Car
82%
9 Love of My Life
82%
8 The Prophet's Song
82%
5 '39
73%
10 Good Company
73%
2 Lazing on a Sunday Afternoon
73%
7 Seaside Rendezvous
73%
12 God Save the Queen
64%
4 You're My Best Friend
64%
6 Sweet Lady
45%
No matching quizzes found
Score Distribution
Percent of People with Each Score
Percentile by Number Answered
Your Score History
You have not taken this quiz